000 00959cam a2200289 i 4500
003 EG-ScBUE
005 20260316113606.0
008 150816s2002 caua f b 001 0 eng d
020 _a0935702962 (acid-free paper)
020 _a9780935702965
040 _aEG-ScBUE
_beng
_erda
_cEG-ScBUE
_dEG-ScBUE
082 0 4 _a551.22
_bAkI
_222
100 1 _aAki, Keiiti,
_eauthor.
245 1 0 _aQuantitative seismology /
_cKeiiti Aki, Paul G. Richards.
250 _aSecond edition.
264 1 _aSausalito :
_bUniversity Science Books,
_c[2002]
264 4 _cC2002
300 _axviii, 700 pages :
_billustrations ;
_c26 cm
336 _2rdacontent
_atext
_btxt
337 _aunmediated
_2rdamedia
_bn
338 _avolume
_bnc
_2rdacarrier
504 _aIncludes bibliographical references and index.
650 7 _aSeismology
_xMathematics.
_2BUEsh
655 _vReading book
700 1 _aRichards, Paul G.,
_d1943-
_eauthor.
942 _cNB
_2ddc
999 _c9317
_d9317